00450nam a2200157Ia 45000010006000000050017000060080041000230410008000640820017000721000033000892450117001222600009002393000028002486500008002766540008002842467720260414151059.0260414t2011||||xx |||||||||||||| ||spa|| aESP a345.721bN89 aAbascal, José MaríaeAUT 0aNuevo reglamento del arbitraje de la CNUDMI 2010 :banotado y comentado por materias y antecedentes legislativos c2011 a510 páginas :c24 cm. aDER aCDE